<?xml version="1.0" encoding="UTF-8"?>
<record
    xmlns:xsi="http://www.w3.org/2001/XMLSchema-instance"
    xsi:schemaLocation="http://www.loc.gov/MARC21/slim http://www.loc.gov/standards/marcxml/schema/MARC21slim.xsd"
    xmlns="http://www.loc.gov/MARC21/slim">

  <leader>00366nam a2200133Ia 4500</leader>
  <controlfield tag="008">230411s9999    xx            000 0 und d</controlfield>
  <datafield tag="041" ind1=" " ind2=" ">
    <subfield code="a">eng</subfield>
  </datafield>
  <datafield tag="082" ind1=" " ind2=" ">
    <subfield code="a">S/617/DAS/B02493</subfield>
  </datafield>
  <datafield tag="100" ind1=" " ind2=" ">
    <subfield code="a">Das Somen</subfield>
    <subfield code="9">176409</subfield>
  </datafield>
  <datafield tag="245" ind1=" " ind2=" ">
    <subfield code="a">Concise Textbook of Surgery with Orthopaedics and Fractures</subfield>
  </datafield>
  <datafield tag="260" ind1=" " ind2=" ">
    <subfield code="b">S Das</subfield>
    <subfield code="a">Calcutta</subfield>
    <subfield code="c">2001</subfield>
  </datafield>
  <datafield tag="300" ind1=" " ind2=" ">
    <subfield code="a">1324p</subfield>
  </datafield>
  <datafield tag="999" ind1=" " ind2=" ">
    <subfield code="c">153682</subfield>
    <subfield code="d">153682</subfield>
  </datafield>
  <datafield tag="952" ind1=" " ind2=" ">
    <subfield code="0">0</subfield>
    <subfield code="1">0</subfield>
    <subfield code="4">0</subfield>
    <subfield code="7">0</subfield>
    <subfield code="8">S</subfield>
    <subfield code="a">BTIN</subfield>
    <subfield code="b">BTIN</subfield>
    <subfield code="d">2005-07-15</subfield>
    <subfield code="e">S.K.Kothari,Pune.</subfield>
    <subfield code="g">690.00</subfield>
    <subfield code="i">9110</subfield>
    <subfield code="l">0</subfield>
    <subfield code="o">S 617 DAS B02493</subfield>
    <subfield code="p">BTIN-BK-2493</subfield>
    <subfield code="r">2023-04-11 00:00:00</subfield>
    <subfield code="v">552.00</subfield>
    <subfield code="w">2005-07-15</subfield>
    <subfield code="y">BK</subfield>
    <subfield code="z">B02493</subfield>
  </datafield>
</record>
